Critical dialogues in cosmology : (Record no. 29172)
[ view plain ]
| 000 -LEADER | |
|---|---|
| fixed length control field | 00584 a2200169 4500 |
| 020 ## - INTERNATIONAL STANDARD BOOK NUMBER | |
| International Standard Book Number | 9810228597 |
| 020 ## - INTERNATIONAL STANDARD BOOK NUMBER | |
| International Standard Book Number | 9789810228590 |
| 082 04 - DEWEY DECIMAL CLASSIFICATION NUMBER | |
| Classification number | 523.1 |
| 090 ## - LOCALLY ASSIGNED LC-TYPE CALL NUMBER (OCLC); LOCAL CALL NUMBER (RLIN) | |
| -- | 542 |
| -- | 542 |
| 100 ## - MAIN ENTRY--PERSONAL NAME | |
| Personal name | Turok, Neil. |
| 245 10 - TITLE STATEMENT | |
| Title | Critical dialogues in cosmology : |
| Remainder of title | princeton, new jersey, 24-27 june 1996 / |
| Statement of responsibility, etc. | Neil Turok. |
| 260 ## - PUBLICATION, DISTRIBUTION, ETC. | |
| Place of publication, distribution, etc. | [S.l.] : |
| Name of publisher, distributor, etc. | World Scientific Pub Co Inc, |
| Date of publication, distribution, etc. | 1997. |
| 300 ## - PHYSICAL DESCRIPTION | |
| Extent | 614 p. ; |
| Dimensions | 22 cm. |
| 700 1# - ADDED ENTRY--PERSONAL NAME | |
| Personal name | Turok, Neil. |
| 942 ## - ADDED ENTRY ELEMENTS (KOHA) | |
| Institution code [OBSOLETE] | SNS |
| Koha item type | Book |
| Call number prefix | 523.1 TUR |
| Withdrawn status | Lost status | Damaged status | Not for loan | Permanent Location | Current Location | Date acquired | Total Checkouts | Full call number | Barcode | Date last seen | Price effective from | Koha item type |
|---|---|---|---|---|---|---|---|---|---|---|---|---|
| School of Natural Sciences (SNS) | School of Natural Sciences (SNS) | 05/26/2016 | 523.1 TUR | SNS0000485 | 05/26/2016 | 05/26/2016 | Book |
